书目信息 |
| 题名: |
地图投影计算机代数分析
|
|
| 作者: | 边少锋 , 李厚朴 著 | |
| 分册: | ||
| 出版信息: | 北京 科学出版社 2024.09 |
|
| 页数: | 185页 | |
| 开本: | 26cm | |
| 丛书名: | ||
| 单 册: | ||
| 中图分类: | P282.1 | |
| 科图分类: | ||
| 主题词: | 地图投影--di tu tou ying--计算机代数--数值分析 | |
| 电子资源: | ||
| ISBN: | 978-7-03-076411-9 | |
| 000 | 01196nam0 2200265 450 | |
| 001 | 92693 | |
| 005 | 20250818110959.76 | |
| 010 | @a978-7-03-076411-9@dCNY118.00 | |
| 100 | @a20241024d2024 em y0chiy50 ea | |
| 101 | 0 | @achi |
| 102 | @aCN@b110000 | |
| 105 | @aak a 000yy | |
| 106 | @ar | |
| 200 | 1 | @a地图投影计算机代数分析@Adi tu tou ying ji suan ji dai shu fen xi@f边少锋, 李厚朴著 |
| 210 | @a北京@c科学出版社@d2024.09 | |
| 215 | @a185页@c图@d26cm | |
| 306 | @a国家自然科学基金项目资助出版 | |
| 320 | @a有书目 (第178-184页) | |
| 330 | @a本书将计算机代数分析方法应用于地图投影数学分析, 借助具有强大符号运算功能的计算机代数系统, 导出一系列理论上更为严密、形式上更为简单、精度上更为精确的符号形式的公式和算法。主要内容包括: 椭球常用纬度间变换计算机代数分析、椭球面在球面上的投影计算机代数分析、墨卡托投影计算机代数分析、圆锥投影计算机代数分析、高斯投影计算机代数分析、伪圆柱投影计算机代数分析、极区投影计算机代数分析、地图投影变换计算机代数分析。 | |
| 606 | 0 | @a地图投影@Adi tu tou ying@x计算机代数@x数值分析 |
| 690 | @aP282.1@v5 | |
| 701 | 0 | @a边少锋@Abian shao feng@4著 |
| 701 | 0 | @a李厚朴@Ali hou po@4著 |
| 801 | 0 | @aCN@c20250909 |
| 905 | @a河南城建学院图书馆@dP282.1@eB787@f1 | |
| 地图投影计算机代数分析/边少锋, 李厚朴著.-北京:科学出版社,2024.09 |
| 185页:图;26cm |
| ISBN 978-7-03-076411-9:CNY118.00 |
| 本书将计算机代数分析方法应用于地图投影数学分析, 借助具有强大符号运算功能的计算机代数系统, 导出一系列理论上更为严密、形式上更为简单、精度上更为精确的符号形式的公式和算法。主要内容包括: 椭球常用纬度间变换计算机代数分析、椭球面在球面上的投影计算机代数分析、墨卡托投影计算机代数分析、圆锥投影计算机代数分析、高斯投影计算机代数分析、伪圆柱投影计算机代数分析、极区投影计算机代数分析、地图投影变换计算机代数分析。 |
| ● |
| 相关链接 |
|
|
|
正题名:地图投影计算机代数分析
索取号:P282.1/B787
 
预约/预借
| 序号 | 登录号 | 条形码 | 馆藏地/架位号 | 状态 | 备注 |
| 1 | 1626657 | 216266573 | 自科库401/401自科库 125排1列3层/ [索取号:P282.1/B787] | 在馆 |